NBA Starting Centers 2010s - Statistics

General Stats
  • This quiz has been taken 809 times
    770 since last reset
  • The average score is 235 of 300
Answer Stats
TEAM SEASON FIRST NAME LAST NAME % Correct
Atlanta 2016-17 Dwight Howard
99%
Charlotte 2017-18 Dwight Howard
99%
Houston 2013-14 Dwight Howard
99%
Houston 2014-15 Dwight Howard
99%
Houston 2015-16 Dwight Howard
99%
LA Lakers 2012-13 Dwight Howard
99%
Orlando 2010-11 Dwight Howard
99%
Orlando 2011-12 Dwight Howard
99%
Atlanta 2010-11 Al Horford
98%
Atlanta 2012-13 Al Horford
98%
Atlanta 2013-14 Al Horford
98%
Atlanta 2014-15 Al Horford
98%
Atlanta 2015-16 Al Horford
98%
Boston 2016-17 Al Horford
98%
Boston 2017-18 Al Horford
98%
Boston 2018-19 Al Horford
98%
Brooklyn 2010-11 Brook Lopez
98%
Brooklyn 2012-13 Brook Lopez
98%
Brooklyn 2015-16 Brook Lopez
98%
Brooklyn 2016-17 Brook Lopez
98%
Chicago 2016-17 Robin Lopez
98%
Chicago 2017-18 Robin Lopez
98%
LA Lakers 2017-18 Brook Lopez
98%
Milwaukee 2018-19 Brook Lopez
98%
Milwaukee 2019-20 Brook Lopez
98%
New Orleans 2012-13 Robin Lopez
98%
New York 2015-16 Robin Lopez
98%
Phoenix 2010-11 Robin Lopez
98%
Portland 2013-14 Robin Lopez
98%
Portland 2014-15 Robin Lopez
98%
Denver 2015-16 Nikola Jokic
97%
Denver 2016-17 Nikola Jokic
97%
Denver 2017-18 Nikola Jokic
97%
Denver 2018-19 Nikola Jokic
97%
Denver 2019-20 Nikola Jokic
97%
Minnesota 2015-16 Karl-Anthony Towns
97%
Minnesota 2016-17 Karl-Anthony Towns
97%
Minnesota 2017-18 Karl-Anthony Towns
97%
Minnesota 2018-19 Karl-Anthony Towns
97%
Minnesota 2019-20 Karl-Anthony Towns
97%
Golden State 2018-19 DeMarcus Cousins
96%
New Orleans 2017-18 DeMarcus Cousins
96%
Sacramento 2010-11 DeMarcus Cousins
96%
Sacramento 2011-12 DeMarcus Cousins
96%
Sacramento 2012-13 DeMarcus Cousins
96%
Sacramento 2013-14 DeMarcus Cousins
96%
Sacramento 2014-15 DeMarcus Cousins
96%
Sacramento 2015-16 DeMarcus Cousins
96%
Sacramento 2016-17 DeMarcus Cousins
96%
Philadelphia 2017-18 Joel Embiid
96%
Philadelphia 2018-19 Joel Embiid
96%
Philadelphia 2019-20 Joel Embiid
96%
Chicago 2015-16 Pau Gasol
96%
Memphis 2010-11 Marc Gasol
96%
Memphis 2011-12 Marc Gasol
96%
Memphis 2012-13 Marc Gasol
96%
Memphis 2013-14 Marc Gasol
96%
Memphis 2014-15 Marc Gasol
96%
Memphis 2015-16 Marc Gasol
96%
Memphis 2016-17 Marc Gasol
96%
Memphis 2017-18 Marc Gasol
96%
Memphis 2018-19 Marc Gasol
96%
Toronto 2019-20 Marc Gasol
96%
Boston 2010-11 Shaquille O'Neal
96%
Miami 2019-20 Bam Adebayo
95%
Dallas 2018-19 DeAndre Jordan
95%
LA Clippers 2010-11 DeAndre Jordan
95%
LA Clippers 2011-12 DeAndre Jordan
95%
LA Clippers 2012-13 DeAndre Jordan
95%
LA Clippers 2013-14 DeAndre Jordan
95%
LA Clippers 2014-15 DeAndre Jordan
95%
LA Clippers 2015-16 DeAndre Jordan
95%
LA Clippers 2016-17 DeAndre Jordan
95%
LA Clippers 2017-18 DeAndre Jordan
95%
Chicago 2010-11 Joakim Noah
95%
Chicago 2011-12 Joakim Noah
95%
Chicago 2012-13 Joakim Noah
95%
Chicago 2013-14 Joakim Noah
95%
Chicago 2014-15 Joakim Noah
95%
New York 2016-17 Joakim Noah
95%
Oklahoma City 2014-15 Steven Adams
94%
Oklahoma City 2015-16 Steven Adams
94%
Oklahoma City 2016-17 Steven Adams
94%
Oklahoma City 2017-18 Steven Adams
94%
Oklahoma City 2018-19 Steven Adams
94%
Oklahoma City 2019-20 Steven Adams
94%
Cleveland 2012-13 Tristan Thompson
94%
Cleveland 2013-14 Tristan Thompson
94%
Cleveland 2015-16 Tristan Thompson
94%
Cleveland 2016-17 Tristan Thompson
94%
Cleveland 2017-18 Tristan Thompson
94%
Cleveland 2018-19 Tristan Thompson
94%
Cleveland 2019-20 Tristan Thompson
94%
San Antonio 2015-16 LaMarcus Aldridge
92%
San Antonio 2016-17 LaMarcus Aldridge
92%
San Antonio 2017-18 LaMarcus Aldridge
92%
San Antonio 2018-19 LaMarcus Aldridge
92%
San Antonio 2019-20 LaMarcus Aldridge
92%
Houston 2016-17 Clint Capela
92%
Houston 2017-18 Clint Capela
92%
Houston 2018-19 Clint Capela
92%
Houston 2019-20 Clint Capela
92%
Utah 2015-16 Rudy Gobert
92%
Utah 2016-17 Rudy Gobert
92%
Utah 2017-18 Rudy Gobert
92%
Utah 2018-19 Rudy Gobert
92%
Utah 2019-20 Rudy Gobert
92%
Brooklyn 2018-19 Jarrett Allen
91%
Brooklyn 2019-20 Jarrett Allen
91%
Dallas 2010-11 Tyson Chandler
91%
Dallas 2014-15 Tyson Chandler
91%
New York 2011-12 Tyson Chandler
91%
New York 2012-13 Tyson Chandler
91%
New York 2013-14 Tyson Chandler
91%
Phoenix 2015-16 Tyson Chandler
91%
Phoenix 2016-17 Tyson Chandler
91%
Phoenix 2017-18 Tyson Chandler
91%
Golden State 2017-18 JaVale McGee
91%
LA Lakers 2018-19 JaVale McGee
91%
LA Lakers 2019-20 JaVale McGee
91%
Washington 2010-11 JaVale McGee
91%
Washington 2011-12 JaVale McGee
91%
Dallas 2016-17 Dirk Nowitzki
91%
Dallas 2017-18 Dirk Nowitzki
91%
Atlanta 2011-12 Zaza Pachulia
91%
Dallas 2015-16 Zaza Pachulia
91%
Golden State 2016-17 Zaza Pachulia
91%
Milwaukee 2013-14 Zaza Pachulia
91%
Milwaukee 2014-15 Zaza Pachulia
91%
Orlando 2012-13 Nikola Vucevic
91%
Orlando 2013-14 Nikola Vucevic
91%
Orlando 2014-15 Nikola Vucevic
91%
Orlando 2015-16 Nikola Vucevic
91%
Orlando 2016-17 Nikola Vucevic
91%
Orlando 2017-18 Nikola Vucevic
91%
Orlando 2018-19 Nikola Vucevic
91%
Orlando 2019-20 Nikola Vucevic
91%
Miami 2014-15 Hassan Whiteside
91%
Miami 2015-16 Hassan Whiteside
91%
Miami 2016-17 Hassan Whiteside
91%
Miami 2017-18 Hassan Whiteside
91%
Miami 2018-19 Hassan Whiteside
91%
Portland 2019-20 Hassan Whiteside
91%
Detroit 2013-14 Andre Drummond
90%
Detroit 2014-15 Andre Drummond
90%
Detroit 2015-16 Andre Drummond
90%
Detroit 2016-17 Andre Drummond
90%
Detroit 2017-18 Andre Drummond
90%
Detroit 2018-19 Andre Drummond
90%
Detroit 2019-20 Andre Drummond
90%
Indiana 2016-17 Myles Turner
90%
Indiana 2017-18 Myles Turner
90%
Indiana 2018-19 Myles Turner
90%
Indiana 2019-20 Myles Turner
90%
Chicago 2018-19 Wendell Carter
87%
Chicago 2019-20 Wendell Carter
87%
Toronto 2018-19 Serge Ibaka
87%
New York 2019-20 Taj Gibson
86%
Golden State 2012-13 Andrew Bogut
85%
Golden State 2013-14 Andrew Bogut
85%
Golden State 2014-15 Andrew Bogut
85%
Golden State 2015-16 Andrew Bogut
85%
Milwaukee 2010-11 Andrew Bogut
85%
Portland 2017-18 Jusuf Nurkic
85%
Portland 2018-19 Jusuf Nurkic
85%
Oklahoma City 2011-12 Kendrick Perkins
85%
Oklahoma City 2012-13 Kendrick Perkins
85%
Oklahoma City 2013-14 Kendrick Perkins
85%
Phoenix 2018-19 Deandre Ayton
83%
Phoenix 2019-20 Deandre Ayton
83%
Charlotte 2010-11 Kwame Brown
83%
New York 2017-18 Enes Kanter
83%
New York 2018-19 Enes Kanter
83%
Utah 2014-15 Enes Kanter
83%
New Orleans 2010-11 Emeka Okafor
82%
Philadelphia 2015-16 Jahlil Okafor
82%
Philadelphia 2016-17 Jahlil Okafor
82%
Washington 2012-13 Emeka Okafor
82%
New Orleans 2018-19 Julius Randle
81%
New York 2010-11 Amare Stoudemire
80%
Memphis 2019-20 Jonas Valanciunas
79%
Toronto 2012-13 Jonas Valanciunas
79%
Toronto 2013-14 Jonas Valanciunas
79%
Toronto 2014-15 Jonas Valanciunas
79%
Toronto 2015-16 Jonas Valanciunas
79%
Toronto 2016-17 Jonas Valanciunas
79%
Toronto 2017-18 Jonas Valanciunas
79%
Charlotte 2011-12 Bismack Biyombo
78%
Charlotte 2012-13 Bismack Biyombo
78%
Indiana 2010-11 Roy Hibbert
78%
Indiana 2011-12 Roy Hibbert
78%
Indiana 2012-13 Roy Hibbert
78%
Indiana 2013-14 Roy Hibbert
78%
Indiana 2014-15 Roy Hibbert
78%
LA Lakers 2015-16 Roy Hibbert
78%
Charlotte 2013-14 Al Jefferson
78%
Charlotte 2014-15 Al Jefferson
78%
Utah 2010-11 Al Jefferson
78%
Utah 2011-12 Al Jefferson
78%
Utah 2012-13 Al Jefferson
78%
Philadelphia 2014-15 Nerlens Noel
78%
Detroit 2010-11 Ben Wallace
78%
LA Clippers 2019-20 Ivica Zubac
78%
Brooklyn 2017-18 Tyler Zeller
77%
Boston 2014-15 Tyler Zeller
77%
Charlotte 2015-16 Cody Zeller
77%
Charlotte 2016-17 Cody Zeller
77%
Charlotte 2018-19 Cody Zeller
77%
Charlotte 2019-20 Cody Zeller
77%
LA Clippers 2018-19 Marcin Gortat
76%
Phoenix 2011-12 Marcin Gortat
76%
Phoenix 2012-13 Marcin Gortat
76%
Washington 2013-14 Marcin Gortat
76%
Washington 2014-15 Marcin Gortat
76%
Washington 2015-16 Marcin Gortat
76%
Washington 2016-17 Marcin Gortat
76%
Washington 2017-18 Marcin Gortat
76%
Brooklyn 2014-15 Mason Plumlee
76%
Phoenix 2013-14 Miles Plumlee
76%
Portland 2015-16 Mason Plumlee
76%
Portland 2016-17 Mason Plumlee
76%
Miami 2010-11 Zydrunas Ilgauskas
74%
Dallas 2019-20 Dwight Powell
73%
Miami 2012-13 Chris Bosh
72%
Miami 2013-14 Chris Bosh
72%
LA Lakers 2010-11 Andrew Bynum
70%
LA Lakers 2011-12 Andrew Bynum
70%
Cleveland 2014-15 Timofey Mozgov
70%
Denver 2011-12 Timofey Mozgov
70%
Denver 2014-15 Timofey Mozgov
70%
LA Lakers 2016-17 Timofey Mozgov
70%
San Antonio 2012-13 Tiago Splitter
67%
San Antonio 2013-14 Tiago Splitter
67%
San Antonio 2014-15 Tiago Splitter
67%
Sacramento 2019-20 Richaun Holmes
66%
Minnesota 2010-11 Darko Milicic
66%
Atlanta 2019-20 Damian Jones
63%
Boston 2019-20 Daniel Theis
63%
Golden State 2019-20 Willie Cauley-Stein
62%
Sacramento 2017-18 Willie Cauley-Stein
62%
Sacramento 2018-19 Willie Cauley-Stein
62%
Cleveland 2010-11 Anderson Varejao
62%
Cleveland 2011-12 Anderson Varejao
62%
Atlanta 2017-18 Dewayne Dedmon
61%
Atlanta 2018-19 Dewayne Dedmon
61%
Washington 2018-19 Thomas Bryant
60%
Washington 2019-20 Thomas Bryant
60%
Toronto 2010-11 Andrea Bargnani
59%
New Orleans 2019-20 Derrick Favors
58%
Utah 2013-14 Derrick Favors
58%
Minnesota 2014-15 Gorgiu Dieng
56%
Phoenix 2014-15 Alex Len
54%
Milwaukee 2015-16 Greg Monroe
53%
Denver 2010-11 Hilario Nene
53%
Brooklyn 2011-12 Shelden Williams
52%
Miami 2011-12 Joel Anthony
50%
Houston 2012-13 Omer Asik
50%
New Orleans 2014-15 Omer Asik
50%
New Orleans 2015-16 Omer Asik
50%
New Orleans 2016-17 Omer Asik
50%
Houston 2010-11 Luis Scola
48%
Boston 2013-14 Jared Sullinger
44%
Boston 2015-16 Jared Sullinger
44%
Boston 2011-12 Brandon Bass
40%
Boston 2012-13 Brandon Bass
40%
Milwaukee 2016-17 John Henson
40%
Milwaukee 2017-18 John Henson
40%
Denver 2012-13 Kosta Koufos
40%
Minnesota 2011-12 Nikola Pekovic
40%
Minnesota 2012-13 Nikola Pekovic
40%
Minnesota 2013-14 Nikola Pekovic
40%
Philadelphia 2010-11 Spencer Hawes
37%
Philadelphia 2011-12 Spencer Hawes
37%
Philadelphia 2012-13 Spencer Hawes
37%
Philadelphia 2013-14 Spencer Hawes
37%
Dallas 2013-14 Samuel Dalembert
35%
Houston 2011-12 Samuel Dalembert
35%
LA Lakers 2013-14 Jordan Hill
34%
LA Lakers 2014-15 Jordan Hill
34%
Dallas 2011-12 Brendan Haywood
33%
Indiana 2015-16 Ian Mahinmi
33%
Milwaukee 2012-13 Larry Sanders
33%
Brooklyn 2013-14 Kevin Garnett
32%
Denver 2013-14 J.J. Hickson
32%
Portland 2012-13 J.J Hickson
32%
Portland 2010-11 Marcus Camby
29%
Portland 2011-12 Marcus Camby
29%
Milwaukee 2011-12 Drew Gooden
28%
Golden State 2010-11 Andris Biedrins
27%
Golden State 2011-12 Andris Biedrins
27%
Dallas 2012-13 Chris Kaman
27%
New Orleans 2011-12 Chris Kaman
27%
San Antonio 2010-11 DeJuan Blair
24%
San Antonio 2011-12 DeJuan Blair
24%
New Orleans 2013-14 Alexis Ajinca
18%
Oklahoma City 2010-11 Nenad Krstic
18%
New York 2014-15 Lou Amundson
16%
Detroit 2011-12 Jason Maxiell
8%
Detroit 2012-13 Jason Maxiell
8%
Toronto 2011-12 Aaron Gray
5%
No matching quizzes found
Score Distribution
Percent of People with Each Score
Percentile by Number Answered
Your Score History
You have not taken this quiz since the last reset